El maravilloso viaje de Nils Holgersson a través de Suecia / (Registro nro. 30046)
[ vista simple ]
| 000 -LÍDER | |
|---|---|
| campo de control de longitud fija | 00872nam a22002657a 4500 |
| 003 - IDENTIFICADOR DE NÚMERO DE CONTROL | |
| campo de control | OSt |
| 005 - FECHA Y HORA DE LA ÚLTIMA | |
| campo de control | 20240402161401.0 |
| 008 - ELEMENTOS DE DATOS DE LONGITUD FIJA - INFORMACIÓN GENERAL | |
| campo de control de longitud fija | 230609q1983 |||||||| |||| 00| f spa d |
| 020 ## - NÚMERO INTERNACIONAL NORMALIZADO DEL LIBRO | |
| Número de libro estándar internacional | 8475302955 |
| 040 ## - FUENTE DE CATALOGACIÓN | |
| Agencia de catalogación original | CO-JMCR |
| Idioma de catalogación | spa |
| Agencia de transcripción | CO-JMCR |
| Agencia modificadora | CO-JMCR |
| 041 1# - CÓDIGO DE IDIOMA | |
| Código de idioma del texto/pista de sonido o título independiente | spa |
| Código de idioma del original | swe |
| 082 0# - NÚMERO DE CLASIFICACIÓN DECIMAL DEWEY | |
| Número de clasificación | A-N |
| Número de artículo | LAGm |
| 100 1# - ENTRADA PRINCIPAL - NOMBRE PERSONAL | |
| Nombre personal | Lagerlöf, Selma, |
| Término relativo | autora |
| 9 (RLIN) | 13364 |
| 245 13 - DECLARACIÓN DEL TÍTULO | |
| Título | El maravilloso viaje de Nils Holgersson a través de Suecia / |
| Declaración de responsabilidad, etc. | Selma Lagerlöf |
| 246 ## - FORMA VARIABLE DEL TÍTULO | |
| Título propiamente dicho/título corto | Nils Holgersson underbara resa |
| 260 ## - PUBLICACIÓN, DISTRIBUCIÓN, ETC. | |
| Lugar de publicación, distribución, etc. | Bogotá : |
| Nombre del editor, distribuidor, etc. | Ediciones Orbis, |
| Fecha de publicación, distribución, etc. | [1983] |
| 300 ## - DESCRIPCIÓN FÍSICA | |
| Medida | 298 páginas ; |
| Dimensiones | 20 cm. |
| 490 1# - DECLARACIÓN DE LA SERIE | |
| Declaración de serie | Los premios nobel ; |
| Designación de volumen/secuencia | 43 |
| 500 ## - NOTA GENERAL | |
| Nota general | Título original: Nils Holgersson underbara resa |
| 546 ## - NOTA DE IDIOMA | |
| Nota de idioma | Traducido del sueco |
| 586 ## - NOTA DE PREMIOS | |
| Nota de premios | Premio Nobel Literatura 1909 |
| 650 14 - ENTRADA AÑADIDA DE ASUNTO - TÉRMINO TEMÁTICO | |
| Fuente del encabezado o término | Novela sueca |
| Subdivisión cronológica | Siglo XX |
| 9 (RLIN) | 42747 |
| 650 14 - ENTRADA AÑADIDA DE ASUNTO - TÉRMINO TEMÁTICO | |
| Fuente del encabezado o término | Literatura sueca |
| Subdivisión cronológica | Siglo XX |
| 9 (RLIN) | 43628 |
| 942 ## - ELEMENTOS DE ENTRADA AÑADIDOS (KOHA) | |
| Source of classification or shelving scheme | Dewey Decimal Classification |
| Tipo de artículo Koha | Books |
| 999 ## - | |
| -- | 30046 |
| -- | 16430 |
| Estado retirado |
|---|